000 00363 a2200157 4500
001 193141
020 _a978-85-62549-90-8
040 _cMagnum
100 _aCamargo, Maria Amália
240 1 0 _aVovô engoliu um monstro!
_lpor
245 1 0 _aVovô engoliu um monstro!
300 _a36
362 0 _a2015
697 _aLITERATURA INFANTO-JUVENIL
942 _cBK
999 _c193141
_d193141